Celebrities Before Plastic Surgery Quiz Stats

Quiz not verified by Sporcle

Challenge
Share
Tweet
Score 0/15 Timer 05:00
0 Plays Today
% Correct
Michael Jackson
94.8%
Pamela Anderson
84.5%
Cher
83.2%
Joan Rivers
79.1%
Dolly Parton
78.7%
Sylvester Stallone
75.4%
Carrot Top
73.5%
Bruce Jenner
64.8%
% Correct
LaToya Jackson
55.7%
Priscilla Presley
50.5%
Lil' Kim
40.8%
Donatella Versace
36.9%
Heidi Montag
32.9%
Bristol Palin
25.7%
Lisa Rinna
8.1%

You're not logged in!

Compare scores with friends on all Sporcle quizzes.
Sign Up with Email
OR
Log In

You Might Also Like...

Show Comments

Extras

Top Quizzes Today


Score Distribution

Your Account Isn't Verified!

In order to create a playlist on Sporcle, you need to verify the email address you used during registration. Go to your Sporcle Settings to finish the process.